• 首页
  • 本馆介绍
  • 公告通知
  • 最新文献
  • 馆藏检索
  • 电子资源
  • 读者导购
  • 参考咨询
  • 我的图书馆
  • 登录
  • 详细信息显示
  • 放入我的书架
  • 预约/预借图书
  • 作者相关作品
  • 分类相关作品
  • 丛书相关作品
  • 出版社相关作品

书目信息

  • 表格格式
  • 工作单格式
  • 卡片格式
题名:
齐奥塞斯库选集
    
 
作者: 齐奥塞斯库 著
分册:  
出版信息: 北京   人民出版社  1980.12
页数: 384页
开本: 19cm
丛书名:
单 册:
中图分类: D754.2
科图分类:
主题词: 政治--罗马尼亚
电子资源:
ISBN:
000 00601nam0 2200217 45
001 0303201021
005 20050623150743.3
010    @dCNY2.10@b精装
091    @a3001.1758
100    @a20030320d1980 km y0chiy0120 ea
101 0  @achi
105    @a z 000yy
200 1  @a齐奥塞斯库选集@AQi Ao Sai Si Ku Xuan Ji@e1967-1973@f齐奥塞斯库著@FQi Ao Sai Si Ku Zhu
210    @a北京@c人民出版社@d1980.12
215    @a384页@c肖像@d19cm
517    @a1967-1973
606 0  @a政治@y罗马尼亚
690    @aD754.2@v3
701  0 @a齐奥塞斯库@4著
801    @aCN@bTSTC@c20030320
905    @dD754.2@e20@f1@b40885
    
    齐奥塞斯库选集:1967-1973/齐奥塞斯库著.-北京:人民出版社,1980.12
    384页:肖像;19cm
    
    
    ISBN (精装):CNY2.10
    
●
相关链接 在E读中查询图书 在五车中查询图书 在当当中查询图书 在豆瓣中查询图书


正题名:齐奥塞斯库选集     索取号:D754.2/20         预约/预借

序号 登录号 条形码 馆藏地/架位号 状态 备注
1 0040884   001767421   密集书库/ [索取号:D754.2/20] 在馆    
2 0040885   000364983   第一样本阅览室/ [索取号:D754.2/20] 在馆    
唐山师范学院图书馆 欢迎您!
大连网信软件有限公司© 版权所有